Sống với sách

Gorde:
Xehetasun bibliografikoak
Egile nagusia: Alan powers
Formatua: Liburua
Hizkuntza:Vietnamese
Argitaratua: Hà Nội Văn hóa thông tin 2004
Gaiak:
Etiketak: Etiketa erantsi
Etiketarik gabe, Izan zaitez lehena erregistro honi etiketa jartzen!
Thư viện lưu trữ: Trung tâm Học liệu Lê Vũ Hùng, Trường Đại học Đồng Tháp
LEADER 00597pam a22002178a 4500
001 00037248
005 20171026081025.0
008 170511s2004 ||||||viesd
041 0 # |a vie 
082 1 4 |a 025.8  |b S455V 
100 0 # |a Alan powers 
245 0 0 |a Sống với sách  |c Alan powers 
260 # # |a Hà Nội  |b Văn hóa thông tin  |c 2004 
300 # # |a 143tr.  |c 21cm. 
653 # # |a Sách 
653 # # |a Sống 
852 # # |b Kho đọc  |j KD.1000038 
910 |d 11/05/2017 
980 # # |a Trung tâm Học liệu Lê Vũ Hùng, Trường Đại học Đồng Tháp